El derecho a la información, fake news y las respuestas del derecho : la tutela judicial efectiva ante la lesión a los derechos personalísimos por internet /

Bibliographic Details
Main Author: Aquino Britos, Armando (Author)
Other Authors: Agurto Gonzáles, Carlos Antonio (Editor), Quequejana Mamani, Sonia Lidia (Editor), Choque Cuenca, Benigno (Editor), Aquino Viudes, Matías (contributor agent of text.), Aquino Viudes, María Pia (contributor agent of text.)
Format: Electronic eBook
Language:Spanish
Published: Santiago, Chile : Ediciones Olejnik, [2020]
Series:Biblioteca de derecho constitucional (Ediciones Olejnik)
Subjects:
Online Access:Digitalia Hispánica

MARC

LEADER 00000nam a2200000Ii 4500
001 DIGOLEJNK1137
003 NyNyDIG
006 m o d
007 cr |||||||||||
008 230106s2020 cl ob 000 0 spa d
035 |a (OCoLC)1367360756 
040 |a DGITA  |b eng  |e rda  |e pn  |c DGITA 
020 |z 9789563928020 
050 1 4 |a K4345 ebook 
100 1 |a Aquino Britos, Armando,  |e author. 
245 1 3 |a El derecho a la información, fake news y las respuestas del derecho :  |b la tutela judicial efectiva ante la lesión a los derechos personalísimos por internet /  |c Armando Rafael Aquino Britos ; con la colaboración de Matías Aquino Viudes, y María Pía Aquino Viudes ; edición al cuidado de Carlos Antonio Agurto Gonzáles, Sonia Lidia Quequejana Mamani, Benigno Choque Cuenca. 
246 3 0 |a Tutela judicial efectiva ante la lesión a los derechos personalísimos por internet  
264 1 |a Santiago, Chile :  |b Ediciones Olejnik,  |c [2020] 
300 |a 1 online resource. 
336 |a text  |b txt  |2 rdacontent 
337 |a computer  |b c  |2 rdamedia 
338 |a online resource  |b cr  |2 rdacarrier 
347 |a text file  |2 rdaft 
347 |b PDF 
490 1 |a Biblioteca de derecho constitucional 
504 |a Includes bibliographical references. 
588 0 |a Online resource; title from ePub title page (Digitalia, viewed January 6, 2023) 
650 0 |a Fake news. 
650 0 |a Freedom of information. 
650 0 |a Freedom of expression. 
700 1 |a Agurto Gonzáles, Carlos Antonio,  |e editor. 
700 1 |a Quequejana Mamani, Sonia Lidia,  |e editor. 
700 1 |a Choque Cuenca, Benigno,  |e editor. 
700 1 |a Aquino Viudes, Matías,  |e contributor agent of text. 
700 1 |a Aquino Viudes, María Pia,  |e contributor agent of text. 
791 2 |a Digitalia (Firm),  |e distributor. 
793 0 |g Digitalia eBook Collection:  |a Ediciones Olejnik 
776 0 8 |i Print version:  |a Aquino Britos, Armando.  |t Derecho a la información, fake news y las respuestas del derecho.  |d Santiago, Chile : Ediciones Olejnik, 2020  |z 9789563928020 
830 0 |a Biblioteca de derecho constitucional (Ediciones Olejnik) 
856 4 0 |3 Digitalia Hispánica  |u https://www.digitaliapublishing.com/a/104459/ 
910 |a Premium collection: 2023